| 000 | 00703na a2200241 4500 | ||
|---|---|---|---|
| 001 | 23978 | ||
| 003 | MIRAKIL | ||
| 005 | 20181213155325.0 | ||
| 008 | 180205b tu 000 0 | ||
| 040 |
_aMilas _btur _cTR-AnCHP |
||
| 041 | _atur | ||
| 082 |
_a342.02 _bY35 [t.y.] |
||
| 090 | _a342.02 Y35 [t.y.] | ||
| 245 |
_aYeni anayasa üzerine öneriler _ceditörler Aydın İpek, Alptekin Aktalay |
||
| 260 |
_aGaziantep _bZirve Üniversitesi _c[t.y.] |
||
| 300 |
_a73 s. _c29 sm. |
||
| 650 |
_aYeni Anayasa _xÖneriler _zTürkiye |
||
| 650 |
_aAnayasa hukuku _xTürkiye |
||
| 700 |
_aAktalay, Alptekin _eed. |
||
| 700 |
_aİpek, Aydın _eed. |
||
| 710 | _aZirve Üniversitesi | ||
| 942 |
_2ddc _cBKS |
||
| 999 |
_c10543 _d10543 |
||